<?xml version="1.0" encoding="UTF-8"?>
<marc:record xmlns:marc="http://www.loc.gov/MARC21/slim">
   <marc:leader>00000nam a2200000 a 4500</marc:leader>
   <marc:datafield ind1="1" ind2=" " tag="100">
      <marc:subfield code="a">Bennett, Alan</marc:subfield>
      <marc:subfield code="4">aut</marc:subfield>
      <marc:subfield code="e">Verfasser/-in</marc:subfield>
   </marc:datafield>
   <marc:datafield ind1="0" ind2="0" tag="245">
      <marc:subfield code="a">See you later</marc:subfield>
   </marc:datafield>
   <marc:datafield ind1="0" ind2="0" tag="245">
      <marc:subfield code="c">Alan Bennett</marc:subfield>
   </marc:datafield>
   <marc:datafield ind1=" " ind2="1" tag="264">
      <marc:subfield code="a">Berlin</marc:subfield>
      <marc:subfield code="b">Verlag Klaus Wagenbach</marc:subfield>
      <marc:subfield code="c">2025</marc:subfield>
   </marc:datafield>
   <marc:datafield ind1="1" ind2=" " tag="490">
      <marc:subfield code="a">Salto</marc:subfield>
   </marc:datafield>
   <marc:datafield ind1="1" ind2=" " tag="520">
      <marc:subfield code="a">Die Seniorenresidenz Hill Topp hat wahnsinnig viel zu bieten: einmal die Woche trockenen Sherry, Ausflüge zum Flamingo auf dem lokalen Bauernhof und einen Hausmeister, der nicht nur Fenster putzt, sondern auch sexuelle Dienste für alle Geschlechter anbietet. Zähne, Perücken und Gesprächsfäden gehen regelmäßig verloren oder werden in wilde Tauschgeschäfte verwickelt. Dann greift plötzlich das Coronavirus um sich und befördert als Erstes das Personal ins Krankenhaus. Im unbeaufsichtigten Domizil bricht die Anarchie aus – und wenn es die Arthritis zulässt, wird heftig gehüpft und so manches Freudenfeuer entzündet …
</marc:subfield>
   </marc:datafield>
   <marc:datafield ind1=" " ind2=" " tag="020">
      <marc:subfield code="a">9783803113887</marc:subfield>
      <marc:subfield code="9">9783803113887</marc:subfield>
   </marc:datafield>
   <marc:datafield ind1=" " ind2=" " tag="020">
      <marc:subfield code="a">3803113881</marc:subfield>
      <marc:subfield code="9">3803113881</marc:subfield>
   </marc:datafield>
   <marc:datafield ind1=" " ind2=" " tag="041">
      <marc:subfield code="a">ger</marc:subfield>
   </marc:datafield>
   <marc:datafield ind1=" " ind2=" " tag="300">
      <marc:subfield code="a">112 Seiten</marc:subfield>
   </marc:datafield>
</marc:record>
